000 01260nam a2200253Ia 4500
003 OSt
005 20220923211105.0
006 a|||||r|||| 00| 0
007 ta
008 220922b |||||||| |||| 00| 0 hin d
020 _a8179170799 (hbk)
_c425
024 _a245,295
037 _b367, 11/02/2011, Swaraj Prakashan
_cTextual
040 _aARTS
_cARTS
_bhin
041 _2hin
_ahin
082 _aX:3260aY, 152P6
100 _aगिडेन्स, एंथनी; रामकवींद्र सिंह, अनु.
_9158088
245 0 _aपूंजीवाद और आधुनिक सामाजिक सिद्धांत* मार्क्स, दुखर्ी्रम और मैक्स वेबर के लेखन का विश्लेषण
246 _aPūanjīvād aur ādhunik sāmājik siddhāanta: mārksa, dukharīram aur maiksa vebar ke lekhan kā vishleṣhaṇa
260 _aनई दिल्ली
_b ग्रंथ शिल्पी
_c2006
300 _a328पृ.
_ccm.
942 _hX:3260aY, 152P6
_cTEXL
_2CC
999 _c295090
_d295090